British political discourse on Europe
Saved in:
| Main Author: | |
|---|---|
| Other Authors: | |
| Format: | Book Chapter |
| Language: | English |
| Subjects: | |
| Tags: |
No Tags, Be the first to tag this record!
|
MARC
| LEADER | 00000naa$a2200000$$$4500 | ||
|---|---|---|---|
| 001 | 0237634 | ||
| 005 | 20240502073835.9 | ||
| 041 | 0 | |a eng | |
| 044 | |a SK | ||
| 245 | 1 | 0 | |a British political discourse on Europe |c Ildikó Némethová, Troy B. Wiwczaroski |
| 610 | 2 | 0 | |a politika |
| 610 | 2 | 0 | |a komunikácia |
| 610 | 2 | 0 | |a integrácia |
| 610 | 2 | 0 | |a strany politické |
| 610 | 2 | 0 | |a Veľká Británia |
| 610 | 2 | 0 | |a Európa |
| 100 | 1 | |a Némethová, Ildikó, 1974- | |
| 700 | 1 | |a Wiwczaroski, Troy B. | |